| 000 | 00650nam a22001457a 4500 | ||
|---|---|---|---|
| 082 |
_a158 _bBRI/P |
||
| 100 | _aBRINTON, DANIEL | ||
| 245 | _aTHE PURSUIT OF HAPPINESS | ||
| 246 |
_aTHE PURSUIT OF HAPPINESS _bTHE PURSUIT OF HAPPINESS |
||
| 260 |
_aINDIA _bFINGERPRINT _c2023 |
||
| 300 | _a226 | ||
| 520 | _a Daniel G. Brinton has tried to explain what happiness could possibly mean. This book explores pleasure and pain, the hierarchy of enjoyments, the distribution of happiness in the classes of society and in genders, principles to promote one's own happiness and the consolations of affliction. | ||
| 650 | _aSELF STUDY, MOTIVATIONAL | ||
| 942 | _cBK | ||
| 999 |
_c8575 _d8575 |
||